000 00425nam a22001697a 4500
005 20200520130807.0
008 200520b xxu||||| |||| 00| 0 eng d
020 _a978374734803
041 _aeng
082 _a616.01
100 _aBansal Dr. Nandan
_95603
245 _aTextbook of Microbiology for Nurse ( Hindi)
260 _aDelhi
_bAITBS PUBLISHERS
_c2020
300 _a392,X
650 _aPharmacy
_95604
942 _cBK
999 _c6325
_d6323